00210nam a2200073Ia 4500008004100000245003800041260004800079260000900127170620s9999 xx 000 0 und d 0aTextbook of Comparative Education bNew Delhi- Vikas Publishing House Pvt. Ltd. c2007